Born in Syracuse/New York - Statistics

General Stats
  • This quiz has been taken 61 times
    33 since last reset
  • The average score is 3 of 13
Answer Stats
Hint Answer % Correct
Rapper and singer, "Rockstar" "Sunflower" "Congratulations" "Circles" 1995 Post Malone
64%
Actor, "Mission: Impossible" "Top Gun" "Rain Man" "A Few Good Men" 1962 Tom Cruise
64%
Voice actor of "SpongeBob SquarePants" 1962 Tom Kenny
41%
Journalist and anchor of "ABC World News Tonight" 1973 David Muir
36%
Author and illustrator of children's books, "The Very Hungry Caterpillar" "Brown Bear, Brown Bear, What Do You See?" 1929 Eric Carle
36%
Basketball player who plays for the Seattle Storm and U.S. Women's basketball team, she was named WNBA MVP 2018 1994 Breanna Stewart
27%
Actor, "Spider-Man 2" "The Good Wife" "Road to Perdition" 1959 Dylan Baker
14%
Manager of the Milwaukee Brewers since 2024 1958 Pat Murphy
14%
Actor, "Argo" "CSI: Miami" "Dazed and Confused" 1972 Rory Cochrane
14%
Developer of the Jelly Belly 1946 David Klein
9%
Retired general of the Army and Director of the NSA from 2005 to 2014 1951 Keith B. Alexander
9%
Economist and winner of the 2003 Nobel Memorial Prize in Economic Sciences 1942 Robert F. Engle
9%
Governor of Virginia from 2014 to 2018 and Chair of the Democratic National Committee from 2001 to 2005 1957 Terry McAuliffe
9%
No matching quizzes found
Score Distribution
Percent of People with Each Score
Percentile by Number Answered
Your Score History
You have not taken this quiz since the last reset